000 00201 a2200097 4500
001 7838
100 _aHaines, R
245 _aAfrica : Land of contrasts
260 _a
_bHarrap
_c
090 _c6287
_d6287
942 _aNUST-CAE
_cM
_c32808
999 _c242911
_d242911